| 000 | 01240nam a22001937a 4500 | ||
|---|---|---|---|
| 999 |
_c28620 _d28620 |
||
| 003 | BDDh-ASL | ||
| 005 | 20231015030941.0 | ||
| 008 | 220427s1997 b ||||| |||| 00| 0 b d | ||
| 040 | _cBDDh-ASL | ||
| 082 |
_a294.5 _bKHB |
||
| 100 | 1 |
_94630 _aখান, জয়নাল আবেদীন |
|
| 245 | 1 | 0 | _aবিক্রমপুরের নবাব বল্লাল সেন ও ঢাকেশ্বরী মন্দির / |
| 246 | _aBikrampurer Nobab Bollal Sein O Dhakeswari Mondir | ||
| 260 |
_aঢাকা: _bদেলোয়ারা বেগম, _c১৯৯৭। |
||
| 300 |
_a১২৮ পৃষ্ঠা; _bছবি; _c২৩ সে.মি. |
||
| 600 | 1 | 0 |
_96131 _aসেন, বল্লাল |
| 650 | 0 |
_aHindu Religion (হিন্দু ধর্ম), Hindu dharma, Hinduism, হিন্দুধর্ম, হিন্দুয়ানি, দেবদেবী, Dēbadēbī, Goddess, Dēba-dēbī, দেব-দেবী, Gods and Goddesses, হিন্দু ধর্মের ইতিহাস, Hindu dharmēra itihāsa, History of Hinduism, হিন্দু আইন, Hindu ā'ina, Hindu Law, _xDhakeswari Mondir (ঢাকেশ্বরী মন্দির) _96132 |
|
| 942 |
_2ddc _cBK |
||